Who said so? : The questions revolutionary businesses ask that make them successful
In Who Said So?, Michael Parker introduces you to the unique leadership philosophy known as Value-Centered Management. Using the exciting, creative format of a business narrative, the book contrasts the familiar pains of traditional business management with Value-Centered Management by contrasting t...
Na minha lista:
| Autor principal: | |
|---|---|
| Formato: | Livro |
| Idioma: | Undetermined |
| Publicado em: |
Hoboken, N.J
Wiley
2008
|
| Assuntos: | |
| Tags: |
Adicionar Tag
Sem tags, seja o primeiro a adicionar uma tag!
|
| Thư viện lưu trữ: | Trung tâm Học liệu Trường Đại học Cần Thơ |
|---|
| LEADER | 01234nam a2200229Ia 4500 | ||
|---|---|---|---|
| 001 | CTU_156008 | ||
| 008 | 210402s9999 xx 000 0 und d | ||
| 020 | |c 19.95 | ||
| 082 | |a 658.401 | ||
| 082 | |b P242 | ||
| 100 | |a Parker, Michael | ||
| 245 | 0 | |a Who said so? : | |
| 245 | 4 | |b The questions revolutionary businesses ask that make them successful | |
| 245 | 0 | |c Michael E. Parker | |
| 260 | |a Hoboken, N.J | ||
| 260 | |b Wiley | ||
| 260 | |c 2008 | ||
| 520 | |a In Who Said So?, Michael Parker introduces you to the unique leadership philosophy known as Value-Centered Management. Using the exciting, creative format of a business narrative, the book contrasts the familiar pains of traditional business management with Value-Centered Management by contrasting the opposing style of father and son managers. Following this enlightening business tale, you’ll learn how to focus your business on what your customers truly value—and how to turn that into new business and profit. | ||
| 650 | |a Success in business,Customer relations,Management,Thành công trong kinh doanh,Quan hệ khách hàng | ||
| 650 | |x Management,Sự quản lý | ||
| 904 | |i Năm | ||
| 980 | |a Trung tâm Học liệu Trường Đại học Cần Thơ | ||